Herbert Duncan Ltd V Cluttons (Record no. 35994)

MARC details
000 -LEADER
fixed length control field 01723cab a2200265 4500
001 - CONTROL NUMBER
control field ABS46609
008 - FIXED-LENGTH DATA ELEMENTS--GENERAL INFORMATION
fixed length control field 090401t1992 xxu||||| |||| 00| 0 eng d
035 ## - SYSTEM CONTROL NUMBER
System control number (Sirsi) u58858
041 ## - LANGUAGE CODE
Language code of text/sound track or separate title eng
245 ## - TITLE STATEMENT
Title Herbert Duncan Ltd V Cluttons
260 ## - PUBLICATION, DISTRIBUTION, ETC.
Date of publication, distribution, etc. 1992
350 ## - PRICE (NR) (BK AM CF MU VM SE) [OBSOLETE]
Price 0
490 ## - SERIES STATEMENT
Series statement Estates Gazette
Volume/sequential designation (1992) 22 EG 110-116(4)
520 ## - SUMMARY, ETC.
Summary, etc. QBD 20 December 1991. The plaintiff C was the leasehold owner of premises. By an underlease they demised the premises to the defendant H for a period of five years at a rent of £70,000pa. In 1988 H assigned the residue of the term of the lease to a third party. In July 1989 C served on the assignee a notice under Landlord and Tenant Act 1954 s25 terminating the lease. H gave notice that they were not willling to give up the tenancy and applied to HC for a new tenancy under Part II of the Act. H however later discountinued this action and his occupation of the premises ended in February 1991. It was agreed on an interim rent of £200,000pa from 25 March 1990 for as long as the lease continued. The asssignee paid £60,794 towards this rent before going into receivership leaving a balance of £113,452. H claimed this sum from C as the tenant. The court therefore had to decide whether C as the original tenant is liable to pay the balance of the interim rent. It is held that C should pay thi
650 ## - SUBJECT ADDED ENTRY--TOPICAL TERM
Topical term or geographic name entry element ASSIGNMENT OF LEASES
650 ## - SUBJECT ADDED ENTRY--TOPICAL TERM
Topical term or geographic name entry element BUSINESS TENANCIES
650 ## - SUBJECT ADDED ENTRY--TOPICAL TERM
Topical term or geographic name entry element Insolvency
9 (RLIN) 6247
650 ## - SUBJECT ADDED ENTRY--TOPICAL TERM
Topical term or geographic name entry element INTERIM RENT
650 ## - SUBJECT ADDED ENTRY--TOPICAL TERM
Topical term or geographic name entry element LANDLORD AND TENANT ACT 1954 PART II
650 ## - SUBJECT ADDED ENTRY--TOPICAL TERM
Topical term or geographic name entry element LANDLORD AND TENANT ACT 1954 S25
650 ## - SUBJECT ADDED ENTRY--TOPICAL TERM
Topical term or geographic name entry element TERMINATION OF LEASE
690 ## - LOCAL SUBJECT ADDED ENTRY--TOPICAL TERM (OCLC, RLIN)
Topical term or geographic name as entry element LANDLORD AND TENANT-CASE LAW-BUSINESS TENANCIES
942 ## - ADDED ENTRY ELEMENTS (KOHA)
Suppress in OPAC 0
948 ## - LOCAL PROCESSING INFORMATION (OCLC); SERIES PART DESIGNATOR (RLIN)
c (OCLC) 04/03/1997
Holdings
Withdrawn status Lost status Source of classification or shelving scheme Damaged status Not for loan Home library Current library Shelving location Date acquired Total Checkouts Full call number Barcode Date last seen Copy number Price effective from Koha item type
    Dewey Decimal Classification     London London Journal article 14/09/1999   ABS46609 58858-1001 06/08/2019 1 06/08/2019 Law report